| 000 | 00911cam a2200313 a 4500 | ||
|---|---|---|---|
| 001 | 1965510 | ||
| 003 | OSt | ||
| 005 | 20250901165629.0 | ||
| 008 | 880802s1988 nyu 000 1 eng | ||
| 010 | _a 88023989 | ||
| 020 | _a0671602063 | ||
| 040 |
_aDLC _cDLC _dDLC _dOCoLC _dDLC |
||
| 043 | _an-us-tx | ||
| 050 | 0 | 0 |
_aPS 3560 .E48 F37 1988 _bF37 1988 |
| 082 | 0 | 0 |
_a813/.54 _219 |
| 100 | 1 | _aJenkins, Dan. | |
| 245 | 1 | 0 |
_aFast copy : _ba novel / _cDan Jenkins. |
| 260 |
_aNew York : _bSimon and Schuster, _cc1988. |
||
| 300 |
_a396 p. ; _c25 cm. |
||
| 650 | 0 |
_aNewspaper publishing _xFiction. |
|
| 650 | 0 |
_aPolice corruption _xFiction. |
|
| 650 | 0 |
_aWomen journalists _xFiction. |
|
| 650 | 0 |
_aDepressions _xFiction. |
|
| 651 | 0 |
_aTexas _xFiction. |
|
| 655 | 7 |
_aHistorical fiction. _2gsafd |
|
| 655 | 7 |
_aSuspense fiction. _2gsafd |
|
| 906 |
_a7 _bcbc _corignew _d1 _eocip _f19 _gy-gencatlg |
||
| 942 |
_2lcc _cBK |
||
| 999 |
_c6935 _d6935 |
||